| 000 | 03419pam a2200481 a 4500 | ||
|---|---|---|---|
| 001 | 1492322 | ||
| 003 | OSt | ||
| 005 | 20180117085943.0 | ||
| 008 | 880325s1989 nyu b 001 0 eng | ||
| 010 | _a 88011764 | ||
| 020 | _a0023627417 | ||
| 040 |
_aDLC _cDLC _dDLC |
||
| 050 | 0 | 0 |
_aHM51 _b.K383 1989 |
| 082 | 0 | 0 |
_a301 _219 |
| 100 | 1 | _aKerbo, Harold R. | |
| 245 | 1 | 0 |
_aSociology : _bsocial structure and social conflict / _cHarold R. Kerbo. |
| 260 |
_aNew York : _bMacmillan, _c1989. |
||
| 300 |
_axvii, 574 p. ; _c24 cm. |
||
| 500 | _aIncludes indexes. | ||
| 504 | _aBibliography: p. 535-554. | ||
| 650 | 0 | _aSociology. | |
| 906 |
_a7 _bcbc _corignew _d1 _eocip _f19 _gy-gencatlg |
||
| 942 |
_2ddc _cBK |
||
| 999 |
_c2548 _d2548 |
||